History - Cross, Historiography, and Miscellaneous | 1 | 3 | 0 | 0 | 45 | 35 | 90.25 | 0 | 1 |
History - European | 0 | 3 | 0 | 0 | 30 | 95 | 99.33 | 0 | 0 |
History - World | 1 | 1 | 0 | 0 | 25 | 29 | 76.00 | 1 | 1 |
History - American | 1 | 1 | 0 | 0 | 25 | 52 | 77.50 | 0 | 0 |
RMP - Islam | 0 | 2 | 0 | 0 | 20 | 77 | 91.00 | 0 | 0 |
Fine Arts - Photography | 0 | 2 | 0 | 0 | 20 | 101 | 102.00 | 0 | 0 |
Fine Arts - Music | 0 | 2 | 0 | 0 | 20 | 110 | 116.50 | 0 | 0 |
Other - Other Academic and General Knowledge | 0 | 1 | 0 | 0 | 10 | 91 | 91.00 | 0 | 0 |
RMP - Christian Practice | 0 | 1 | 0 | 0 | 10 | 115 | 115.00 | 0 | 0 |
RMP - Hinduism | 0 | 1 | 0 | 0 | 10 | 131 | 131.00 | 0 | 0 |
Social Science - Economics | 0 | 1 | 0 | 0 | 10 | 82 | 82.00 | 0 | 0 |
Fine Arts - Miscellaneous | 0 | 1 | 0 | 0 | 10 | 135 | 135.00 | 0 | 0 |
Fine Arts - Painting | 0 | 1 | 0 | 0 | 10 | 114 | 114.00 | 0 | 0 |
Geography - Europe | 0 | 1 | 0 | 0 | 10 | 59 | 59.00 | 0 | 1 |
Geography - United States | 0 | 1 | 0 | 0 | 10 | 66 | 66.00 | 0 | 0 |
Literature - British | 0 | 1 | 0 | 0 | 10 | 101 | 101.00 | 0 | 0 |
Literature - World and Miscellaneous | 0 | 1 | 0 | 0 | 10 | 132 | 132.00 | 0 | 0 |
Science - Earth | 0 | 1 | 0 | 0 | 10 | 89 | 89.00 | 0 | 0 |
Current Events - U.S. | 0 | 1 | 0 | 0 | 10 | 79 | 79.00 | 0 | 0 |
RMP - World Mythology | 0 | 0 | 0 | 0 | 0 | | 0.00 | 0 | 0 |
Science - Physics | 0 | 0 | 0 | 0 | 0 | | 0.00 | 0 | 0 |
Fine Arts - Opera | 0 | 0 | 0 | 0 | 0 | | 0.00 | 0 | 0 |
RMP - Philosophy | 0 | 0 | 0 | 0 | 0 | | 0.00 | 0 | 0 |